Operations research: methods and problems (Record no. 81602)

MARC details
000 -LEADER
fixed length control field 01089nam a2200205 a 4500
008 - FIXED-LENGTH DATA ELEMENTS--GENERAL INFORMATION
fixed length control field 120416s1959 ||||||||||||||||| || u
050 ## - LIBRARY OF CONGRESS CALL NUMBER
Classification number T 57.6 Sas
100 ## - MAIN ENTRY--PERSONAL NAME
Personal name Friedman, Lawrence
245 10 - TITLE STATEMENT
Title Operations research: methods and problems
260 ## - PUBLICATION, DISTRIBUTION, ETC. (IMPRINT)
Place of publication, distribution, etc New York:
Name of publisher, distributor, etc John Wiley and Sons
Date of publication, distribution, etc [1959]
300 ## - PHYSICAL DESCRIPTION
Extent xi, 316p. : ill.
350 ## -
-- 0.00
650 ## - SUBJECT ADDED ENTRY--TOPICAL TERM
Topical term or geographic name as entry element RESEARCH COLLABORATION
650 #0 - SUBJECT ADDED ENTRY--TOPICAL TERM
Topical term or geographic name as entry element OPERATIONS RESEARCH
700 ## - ADDED ENTRY--PERSONAL NAME
Personal name Sasieni, Maurice
995 ## - RECOMMENDATION 995 [LOCAL, UNIMARC FRANCE]
-- 0.00
-- CBU-MAIN LIBRARY (Kitwe)
-- 4
-- 24.81
-- 4
-- AVAILABLE
-- Annex Low-Usage Collection
995 ## - RECOMMENDATION 995 [LOCAL, UNIMARC FRANCE]
-- 0.00
-- CBU-MAIN LIBRARY (Kitwe)
-- 3
-- 24.81
-- 2
-- AVAILABLE
-- Annex Low-Usage Collection
995 ## - RECOMMENDATION 995 [LOCAL, UNIMARC FRANCE]
-- 0.00
-- CBU-MAIN LIBRARY (Kitwe)
-- 2
-- 24.81
-- 1
-- AVAILABLE
-- Annex Low-Usage Collection
995 ## - RECOMMENDATION 995 [LOCAL, UNIMARC FRANCE]
-- 0.00
-- CBU-MAIN LIBRARY (Kitwe)
-- 1
-- 24.81
-- 3
-- AVAILABLE
-- Annex Low-Usage Collection
Holdings
Withdrawn status Lost status Source of classification or shelving scheme Damaged status Not for loan Permanent Location Current Location Shelving location Date acquired Total Checkouts Full call number Barcode Date last seen Copy number Price effective from Koha item type
          CBU-MAIN LIBRARY, KITWE. CBU-MAIN LIBRARY, KITWE.   09/05/2023   T 57.6 Sas 014349 09/05/2023 1 09/05/2023 MONOGRAPH
          CBU-MAIN LIBRARY, KITWE. CBU-MAIN LIBRARY, KITWE.   09/05/2023   T 57.6 Sas 014347 09/05/2023 2 09/05/2023 MONOGRAPH
Withdrawn         CBU-MAIN LIBRARY, KITWE. CBU-MAIN LIBRARY, KITWE.   09/05/2023   T 57.6 Sas 014346 09/05/2023 3 09/05/2023 MONOGRAPH
Withdrawn         CBU-MAIN LIBRARY, KITWE. CBU-MAIN LIBRARY, KITWE.   09/05/2023   T 57.6 Sas 014348 09/05/2023 4 09/05/2023 MONOGRAPH